Digital learning the monthly publication on ICT and education.

Detalles Bibliográficos
Autor Corporativo: Centre for Science, Development, and Media Studies (Noida, India)
Formato: Electrónico Seriadas
Lenguaje:inglés
Publicado: [Noida] : Centre for Science, Development, and Media Studies, 2005-
Materias:
Acceso en línea:Full text available from Research Library: 01/01/2009 to present

MARC

LEADER 00000nas a22000007a 4500
001 ssj0000394606
003 WaSeSS
005 20200512172242.0
006 m d
007 cr n
008 080605c20059999ii mr s 0 0eng
010 |a  2008305952 
022 |l 0973-4139  |y 0973-4139 
025 |a I-D-E-2008-305952; 46 
035 |a (WaSeSS)ssj0000394606 
040 |a DLC  |b eng  |c DLC  |d OCLCQ  |d RDF  |d WaSeSS 
042 |a pcc 
245 0 0 |a Digital learning  |h [electronic resource] :  |b the monthly publication on ICT and education. 
260 |a [Noida] :  |b Centre for Science, Development, and Media Studies,  |c 2005- 
310 |a Monthly 
362 1 |a Began with v. 1, issue 1 in Dec. 2005. 
500 |a "Published in technical collaboration with Elets Technological Pvt. Ltd." 
506 |a License restrictions may limit access. 
588 |a Description based on: Vol. 3, issue 6 (June 2007); title from cover. 
588 |a Latest issue consulted: Vol. 3, issue 8 (Aug. 2007). 
655 0 |a Electronic journals. 
710 2 |a Centre for Science, Development, and Media Studies (Noida, India) 
856 4 0 |z Full text available from Research Library: 01/01/2009 to present  |u https://search.proquest.com/publication/55059